000 00525nam a2200193 4500
999 _c12895
_d12895
003 PK-NaQUE
005 20260326105759.0
008 260326b ||||| |||| 00| 0 eng d
020 _a081040043X
020 _a9780810400436
040 _cQUEST
082 _a621.381WIL
100 _aValkenburgh, Van
245 _aBasic Electronics: Vol 3
260 _aLahore:
_bSarhat Printing,
_c1979.
650 _aBasic Electronics
856 _uhttp://10.10.170.122:8080/browse/book/29408
_yDownload eBook
942 _cBK
_2ddc